000 00389pab a2200145 454500
008 180718b2002 xxu||||| |||| 00| 0 eng d
100 _aGupta, I.D.
245 _aCorruption and rent seeking in less Developed countries: an Indian perspective
260 _c2002
300 _ap.75-93.
362 _aJul
650 _aCorruption
773 _aIndian Journal of Economics
909 _a55097
999 _c55097
_d55097